Statistics for U.S. General Knowledge by Letter - G

Click here to take the quiz!

General Stats

  • This quiz has been taken 70 times
  • The average score is 9 of 20

Answer Stats

HintAnswer% Correct
U.S. StateGeorgia
100%
First U.S. PresidentGeorge Washington
94%
Football team of New YorkGiants
84%
He was president from 1974-1977Gerald Ford
75%
City in Texas on an IslandGalveston
63%
National park in ArizonaGrand Canyon
56%
3rd Biggest city in WisconsinGreen Bay
53%
River going through ArizonaGila River
52%
2nd Biggest city in MichiganGrand Rapids
47%
He was President from 1893-1897Grover Cleveland
45%
National park in MontanaGlacier
42%
Central North Carolina CityGreensboro
41%
Poisonous Lizard of the desertGila Monster
34%
Northern South Carolina CityGreenville
33%
National park in WyomingGrand Teton
27%
Western Colorado CityGrand Junction
13%
4th Biggest City in NebraskaGrand Island
11%
Charlotte SuburbGastonia
11%
National park in Northern AlaskaGates of the Arctic
9%
Biggest City in Alachua CountyGainesville
9%

Score Distribution

Percentile by Number Answered

Percent of People with Each Score

Your Score History

You have not taken this quiz